01863 a2200277 45000010006000000050017000060080041000230030015000640400040000790800073001192450112001920200022003042640034003263000019003605050352003790410008007319420007007395900036007461000029007827000025008118560095008369990015009319520138009469520214010849520287012984045620260407155658.0260407a2012 arg spa dAR-UNSa-BCEJYS aAR-UNSa-BCEJYSbspacAR-UNSa-BCEJYS a657.3xPresupuestos. Cierre de Cuentas. Balances (Estados Contables)10aAnálisis e interpretación de estados contablespíndices económicos y financieros. estudios de casos a978-987-01-1426-0 1aBuenos Aires :bErreparc2012 a151 p.c21 cm. a1. Objetivos, fuentes de la información y contenidos - 2. Composición vertical. Estructura - 3. Análisis horizontal. Tendencia - 4. Rentabilidad - 5. Márgenes y rotaciones - 6. Liquidez corriente - 7. Liquidez seca - 8. Liquidez total - 9. Solvencia y endeudamiento - 10. Financiación de la inmovilización - 11. Caso práctico resumen aspa cBK aniveau_biblio:m niveau_hierar:01 aSenderovich, Isaac Aizik1 aTelias, Alejandro J.41uhttps://biblioeco.unsa.edu.ar/pmb/images/libros/L125914.jpgyImagen de portadaqimage/jpeg c3221d3221 00104070aBCEJYSbBCEJYSc16d2026-04-07l0o657.3 S475apL125914r2026-04-07 15:56:58w2026-04-07yLzPARTIDO AL INICIO Y AL FINAL 00104070aBCEJYSbBCEJYSc16d2026-04-07l0o657.3 S475apL125915r2026-04-07 15:56:58w2026-04-07yLzPARTIDO EN INDICE - MANCHAS EN PÁG 77, 15 - PÁG 27 UN POCO ARRUGADA - PÁG 9 y 11 UN POCO HÚMEDAS 00104070aBCEJYSbBCEJYSc16d2026-04-07l0o657.3 S475apL125916r2026-04-07 15:56:58w2026-04-07yLzESCRITO CON LÁPIZ PÁGINAS 34,53,55,60 - HOJA VI(INDICE)MEDIO SUELTA - MANCHA EN PÁG 45 - PEQUEÑAS MANCHAS EN ALGUNAS HOJAS - UN POCO HÚMEDO EN ESQUINA SUPERIOR DERECHA